Generálna dohoda - signál dobrej vôle Plošné zvýšenie miezd je nereálne. Rozumným argumentom sa nebránime
Generálny riaditeľ Asociácie zamestnávateľských zväzov a združení (AZZZ) Ing. František Bruckmayer a Václav Števko z Konfederácie odborových zväzov (KOZ) hodnotia doterajší priebeh rokovaní pred podpísaním generálnej dohody na r. 1996. Rozdiely v stanoviskách zúčastnených strán. Význam generálnej do...
Salvato in:
| Autore principale: | |
|---|---|
| Altri autori: | , |
| Natura: | Capitolo di libro |
| Lingua: | slovacco |
| Soggetti: | |
| Tags: |
Nessun Tag, puoi essere il primo ad aggiungerne!!
|
MARC
| LEADER | 00000naa a2200000 4500 | ||
|---|---|---|---|
| 001 | r019378 | ||
| 005 | 20230801103555.6 | ||
| 041 | 0 | |a slo | |
| 044 | |a SK | ||
| 245 | 1 | 0 | |a Generálna dohoda - signál dobrej vôle |b Plošné zvýšenie miezd je nereálne. Rozumným argumentom sa nebránime |c F. Bruckmayer, V. Števko, E. Bujačková |
| 520 | |a Generálny riaditeľ Asociácie zamestnávateľských zväzov a združení (AZZZ) Ing. František Bruckmayer a Václav Števko z Konfederácie odborových zväzov (KOZ) hodnotia doterajší priebeh rokovaní pred podpísaním generálnej dohody na r. 1996. Rozdiely v stanoviskách zúčastnených strán. Význam generálnej dohody pre AZZZ a KOZ. | ||
| 610 | 2 | 0 | |a Slovensko |
| 610 | 2 | 0 | |a 1996 |
| 610 | 2 | 0 | |a zamestnávatelia |
| 610 | 2 | 0 | |a odbory |
| 610 | 2 | 0 | |a zmier sociálny |
| 610 | 2 | 0 | |a Asociácia zamestnávateľských zväzov a združení SR |
| 610 | 2 | 0 | |a AZZZ SR |
| 610 | 2 | 0 | |a Konfederácia odborových zväzov SR |
| 610 | 2 | 0 | |a KOZ SR |
| 100 | 1 | |a Bruckmayer, F. | |
| 700 | 1 | |a Števko, V. | |
| 700 | 1 | |a Bujačková, E. | |